000 00418nam a2200145 4500
999 _c1196
_d1196
008 200113b ||||| |||| 00| 0 eng d
082 0 0 _a623.87236
_bL2181
100 _9785
_aLamb, John
245 1 0 _aRunning and Maintenance of the Marine Diesel Engine
_cby John Lamb
250 _a6th ed.
260 _aLondon
_bCharles Griffin & Co.
_c1957
300 _avii, 432 p.
650 0 _aMarine Diesel Motors
942 _2ddc
_cBK